Statistiques concernant Fromage par Image

Cliquez ici pour prendre le quiz!

Statistiques générales

  • Ce quiz a été pris 221 fois
  • Le résultat moyen est 5 sur 8

Statistiques - réponses

Réponse% Correct
Cheddar
96%
Mozzarella
96%
Parmesan
90%
Fromage Bleu
82%
Féta
77%
Brie
43%
Gorganzola
2%
Panir
2%

Distribution des résultats

Percentile par nombre de réponses

% des personnes avec chaque résultat

Votre développement - résultats

Vous n’avez pas pris ce quiz